000 00956 a2200241 4500
001 41216
005 20260407155706.0
008 260407a2006 arg spa d
003 AR-UNSa-BCEJYS
040 _aAR-UNSa-BCEJYS
_bspa
_cAR-UNSa-BCEJYS
080 _a347.72
_xSociedades comerciales
245 1 0 _aProblemas y cuestiones sobre las sociedades
020 _a978-950-894-603-4
264 1 _aBuenos Aires :
_bAD-HOC
_c2006
300 _a396 p.
_c23 cm.
505 _a1. Registración societaria - 2. Sociedades irregulares y de hecho - 3. Financiamiento de sociedades comerciales - 4. Otros aspectos controvertidos - 5. Conflictos societarios - 6. Responsabilidad de socios y administradores
041 _aspa
942 _cBK
590 _aniveau_biblio:m niveau_hierar:0
100 1 _aVítolo, Daniel Roque
700 1 _aPardini, Marta G.
856 4 1 _uhttps://biblioeco.unsa.edu.ar/pmb/images/libros/L126456.jpg
_yImagen de portada
_qimage/jpeg
999 _c3429
_d3429